000 00584nam a2200205Ia 4500
005 20250508163210.0
008 008 250505s9999 xx 000 0 eng d
037 _aTextual
040 _aFEDL
_beng
_cFEDL
041 _aeng
_2eng
084 _a157.9, SEL
_qFEDL
100 _aSellin Thorsten
245 0 _aMeasurement of delinquency
260 _aNew Delhi, India
_bWiley Eastern Private Limited
_c1964
300 _ax,423p.
650 _aAbnormal Psychology
700 _a Wolfgang Marvin E.
_9774883
942 _cTEXL
_h157.9, SEL
999 _c1381453
_d1381453